<?xml version="1.0" encoding="UTF-8"?>
<record
    xmlns:xsi="http://www.w3.org/2001/XMLSchema-instance"
    xsi:schemaLocation="http://www.loc.gov/MARC21/slim http://www.loc.gov/standards/marcxml/schema/MARC21slim.xsd"
    xmlns="http://www.loc.gov/MARC21/slim">

  <leader>00878nam2a22002411  4500</leader>
  <controlfield tag="001">rc\36122</controlfield>
  <controlfield tag="005">20250620192934.0</controlfield>
  <datafield tag="010" ind1=" " ind2=" ">
    <subfield code="a">5-87322-090-5</subfield>
    <subfield code="9">100000</subfield>
  </datafield>
  <datafield tag="035" ind1=" " ind2=" ">
    <subfield code="a">(NLR Aleph) 005385298</subfield>
  </datafield>
  <datafield tag="090" ind1=" " ind2=" ">
    <subfield code="a">7140357</subfield>
    <subfield code="c">7140357</subfield>
  </datafield>
  <datafield tag="100" ind1=" " ind2=" ">
    <subfield code="a">20021216d1994    |||y0rusy50      ca</subfield>
  </datafield>
  <datafield tag="101" ind1="0" ind2=" ">
    <subfield code="a">rus</subfield>
  </datafield>
  <datafield tag="102" ind1=" " ind2=" ">
    <subfield code="a">RU</subfield>
  </datafield>
  <datafield tag="105" ind1=" " ind2=" ">
    <subfield code="a">y   |||||||||</subfield>
  </datafield>
  <datafield tag="200" ind1="1" ind2=" ">
    <subfield code="a">&#x411;&#x443;&#x448;&#x443;&#x44E;&#x449;&#x438;&#x439; &#x42D;&#x434;&#x435;&#x43C;</subfield>
    <subfield code="e">[&#x420;&#x43E;&#x43C;&#x430;&#x43D;</subfield>
    <subfield code="f">&#x41F;&#x435;&#x440;. &#x41D;. &#x421;&#x438;&#x445;&#x430;&#x440;&#x443;&#x43B;&#x438;&#x434;&#x437;&#x435;, &#x41B;. &#x428;&#x43E;&#x440;&#x44B;&#x433;&#x438;&#x43D;&#x43E;&#x439;]</subfield>
  </datafield>
  <datafield tag="210" ind1=" " ind2=" ">
    <subfield code="d">1994</subfield>
    <subfield code="a">&#x411;. &#x43C;.</subfield>
  </datafield>
  <datafield tag="215" ind1=" " ind2=" ">
    <subfield code="a">314, [1] &#x441;.</subfield>
  </datafield>
  <datafield tag="461" ind1=" " ind2="0">
    <subfield code="1">001rc\36119</subfield>
    <subfield code="1">2001#$a&#x414;&#x436;&#x435;&#x43D;&#x43D;&#x438;&#x444;&#x435;&#x440; &#x411;&#x43B;&#x435;&#x439;&#x43A;$e[&#x41F;&#x435;&#x440;. &#x441; &#x430;&#x43D;&#x433;&#x43B;.]$v[3]</subfield>
    <subfield code="1">700#1$a&#x411;&#x43B;&#x435;&#x439;&#x43A;$b&#x414;.$g&#x414;&#x436;&#x435;&#x43D;&#x43D;&#x438;&#x444;&#x435;&#x440;</subfield>
    <subfield code="9">7140332</subfield>
    <subfield code="a">&#x411;&#x43B;&#x435;&#x439;&#x43A;, &#x414;.</subfield>
    <subfield code="c">&#x41C;.</subfield>
    <subfield code="d">1994-</subfield>
    <subfield code="n">&#x41E;&#x41B;&#x41C;&#x410;-&#x43F;&#x440;&#x435;&#x441;&#x441;</subfield>
    <subfield code="o">[&#x41F;&#x435;&#x440;. &#x441; &#x430;&#x43D;&#x433;&#x43B;.]</subfield>
    <subfield code="t">&#x414;&#x436;&#x435;&#x43D;&#x43D;&#x438;&#x444;&#x435;&#x440; &#x411;&#x43B;&#x435;&#x439;&#x43A;</subfield>
    <subfield code="v">[3]</subfield>
  </datafield>
  <datafield tag="801" ind1=" " ind2="0">
    <subfield code="a">RU</subfield>
    <subfield code="b">NLR</subfield>
    <subfield code="g">psbo</subfield>
  </datafield>
  <datafield tag="801" ind1=" " ind2="1">
    <subfield code="a">RU</subfield>
    <subfield code="b">ELAR</subfield>
    <subfield code="2">rusmarc</subfield>
  </datafield>
  <datafield tag="852" ind1=" " ind2=" ">
    <subfield code="a">NLR</subfield>
    <subfield code="j">94-3/5819</subfield>
  </datafield>
  <datafield tag="942" ind1=" " ind2=" ">
    <subfield code="c">BOOK</subfield>
  </datafield>
  <datafield tag="980" ind1=" " ind2=" ">
    <subfield code="a">NB</subfield>
  </datafield>
  <datafield tag="995" ind1=" " ind2=" ">
    <subfield code="5">2013-10-26</subfield>
    <subfield code="b">NLR01</subfield>
    <subfield code="c">NLR01</subfield>
    <subfield code="e">RF8</subfield>
    <subfield code="f">5385298-10</subfield>
    <subfield code="k">94-3/5819</subfield>
    <subfield code="o">0</subfield>
    <subfield code="r">BOOK</subfield>
    <subfield code="s">9435819_</subfield>
  </datafield>
</record>
